Ekonomi-perusahaan dan management. (Record no. 84171)

MARC details
000 -LEADER
fixed length control field 00530cam a22002171 4500
001 - CONTROL NUMBER
control field sa 68011880
003 - CONTROL NUMBER IDENTIFIER
control field DLC
005 - DATE AND TIME OF LATEST TRANSACTION
control field 20260227112605.0
008 - FIXED-LENGTH DATA ELEMENTS--GENERAL INFORMATION
fixed length control field 890420r1966uuuuio 000 0 dut
010 ## - LIBRARY OF CONGRESS CONTROL NUMBER
LC control number sa 68011880
035 ## - SYSTEM CONTROL NUMBER
System control number (OCoLC)23432894
040 ## - CATALOGING SOURCE
Original cataloging agency DLC
Transcribing agency MiU
Modifying agency DLC
042 ## - AUTHENTICATION CODE
Authentication code premarc
050 00 - LIBRARY OF CONGRESS CALL NUMBER
Classification number HD37.I52
Item number K6
100 0# - MAIN ENTRY--PERSONAL NAME
Personal name Komaruddin.
245 10 - TITLE STATEMENT
Title Ekonomi-perusahaan dan management.
250 ## - EDITION STATEMENT
Edition statement Edisi 1.
260 ## - PUBLICATION, DISTRIBUTION, ETC.
Place of publication, distribution, etc. [Bandung?]
Name of publisher, distributor, etc. Academica,
Date of publication, distribution, etc. 1966.
300 ## - PHYSICAL DESCRIPTION
Extent 250 p.
Dimensions 21 cm.
650 #0 - SUBJECT ADDED ENTRY--TOPICAL TERM
Topical term or geographic name entry element Management

No items available.

Powered by Koha